00422 a2200109 4500001001000000005001700010008004100027245014600068100002400214700003100238773004300269ART_5734820260410161635.0260409a 10aLas prioridades del Consejo de Normas de Contabilidad (IASB) y el proyecto de normas internacionales de sostenibilidad vinculado con el clima1 aGeba, Norma Beatriz1 aBifaretti, Marcela Claudia0 tEnfoquesg- N° 10 (oct. 2022)wREV416